000 01021nam a2200265Ia 4500
003 OSt
005 20221005105230.0
006 a|||||r|||| 00| 0
007 ta
008 221004b |||||||| |||| 00| 0 san d
020 _a9789937938303 (hbk)
_cINR 495.00
024 _a66386
037 _b343, 07/03/2020, Eastern Book Linkers
_cTextual
040 _aCRL
_cCRL
_bsan
041 _2san
_asan
082 _aWx1,1:g, 152R0
100 _aमिश्रा, प्रज्ञा, ले.
245 0 _aकौटिल्यकालीन भारत की सामाजिक दशा
246 _aKauṭilyakālīn bhārat kī sāmājik dashā
260 _aनई दिल्ली
_bएडरोइट पब्लिशर्स भारत
_c2020
300 _a160पृ0
_ccm.
650 _aकौटिल्य
942 _hWx1,1:g, 152R0
_cTEXL
_2cc
999 _c1015213
_d1015213